000 00988nam a22002177a 4500
003 UA-OsUOA
001 103247
007 ta
008 20131021b un ||||| |||| 00| 0 ukr d
090 _a81'374.2:7
_bУ45
942 _cBK
040 _aUA-OsUOA
_bukr
_cUA-OsUOA
_dUA-OsUOA
245 _aУкраїнські термінологічні словники з мистецтвознавства й етнології
_bнауково-практична конференція присвячена 100-річчю від дня народження Миколи Федотовича Трохименка (19.12.1899 - 3.11.1937)
_cупор. і авт. передм. М. Селівачов
300 _a76 с.
955 _a1
041 _aukr
080 _a81'374.2:7
260 _aК.
_bРедакція вісника "АНТ"
_c1999
650 7 _a8 Мовознавство. Художня література. Літературознавство
_2UDC
999 _c389742
_d389742